Decomposition of leaf-litter of Hevea brasiliensis Muell.Arg under subtropical conditions of Meghalaya (Record no. 56747)

MARC details
000 -LEADER
fixed length control field 00596nam a2200157Ia 4500
100 ## - MAIN ENTRY--AUTHOR NAME
Personal name Deka H K
245 #0 - TITLE STATEMENT
Title Decomposition of leaf-litter of Hevea brasiliensis Muell.Arg under subtropical conditions of Meghalaya
260 ## - PUBLICATION, DISTRIBUTION, ETC. (IMPRINT)
Name of publisher Abstracts of Papers: Competitiveness with sustainability Placrosym XII, Rubber Research Institute of India, Kottayam, 27-29 November 1996; p46
Year of publication 1996
650 ## - SUBJECT ADDED ENTRY--TOPICAL TERM
Topical Term Hevea brasiliensis
650 ## - SUBJECT ADDED ENTRY--TOPICAL TERM
Topical Term Leaf-litter composition
650 ## - SUBJECT ADDED ENTRY--TOPICAL TERM
Topical Term Meghalaya
700 ## - ADDED ENTRY--PERSONAL NAME
Personal name Sethuraj M R
700 ## - ADDED ENTRY--PERSONAL NAME
Personal name Thapliyal A P
942 ## - ADDED ENTRY ELEMENTS (KOHA)
Koha item type Journals
Holdings
Withdrawn status Lost status Damaged status Not for loan Home library Current library Shelving location Date acquired Koha item type
      Journals RRII Library RRII Library Soils and agonomy 17/12/2021 Journals